Cazador de fantasmas / (Registro nro. 11051)

Detalles MARC
000 -LIDER
fixed length control field 00956nam a2200325 i 4500
001 - NÚMERO DE CONTROL
Identificador de número de control 002409
003 - IDENTIFICACDOR DE NÚMERO DE CONTROL
control field DO-SdBNP
005 - DATE AND TIME OF LATEST TRANSACTION
control field 20180118132744.0
007 - CAMPOS FIJOS DE DESCRIPCIÓN FÍSICA
fixed length control field 002409
008 - ELEMENTOS DE LONGITUD FIJA
fixed length control field 880808s1987 sp spa
016 7# - NO. DE CONTROL DE LA AGENCIA BIB. NACIONAL
Record control number
Canceled/invalid record control number
017 ## - NÚMERO DE REGISTRO DE DERECHOS DE AUTOR
Copyright or legal deposit number
Assigning agency
020 ## - ISBN
International Standard Book Number 847722000X
035 ## - NÚMERO LOCAL
System control number
040 ## - FUENTE DE CATALOGACIÓN
Agencia que crea de manera original el registro BPMSU
Idioma de catalogación spa
Agencia que realiza la transcripción BPMSU
Convenciones de la despripción
080 #0 - NÚMERO DE CLASIFICACIÓN DECIMAL UNIVERSAL
Universal Decimal Classification number
100 1# - ASIENTO PRINCIPAL -- NOMBRE PERSONAL
Nombre personal Packard, Edward
240 10 - TITULO UNIFORME
Título uniforme Ghost hunter
Idioma de una obra Español
245 10 - MENCIÓN DE TITULO
Título Cazador de fantasmas /
Mención de responsabilidad Edward Packard ; ilustraciones, Ted Enik ; traducción al castellano, Margarita Cavándoli
Medio (Designación general de material)
260 ## - PUBLICACIÓN, DISTRIBUCIÓN, ETC. (PIE DE IMPRENTA)
Lugar de publicación, distribución, etc Barcelona :
Nombre del editor, distribuidor, etc. Timun Mas,
Fecha de publicación, distribución, etc 1987.
300 ## - DESCRIPCIÓN FÍSICA
Extensión 117 p. :
Otros detalles físicos il. ;
Dimensiones 18 cm
490 1# - MENCIÓN DE SERIES
Mención de serie Elige tu propia aventura
Volume/sequential designation 35
500 ## - NOTA GENERAL
Nota general Traducción de: Ghost hunter
700 12 - ASIENTO SECUNDARIO -- NOMBRE PERSONAL
Nombre personal Enik, Ted,
Mención de responsabilidad il.
700 1# - ASIENTO SECUNDARIO -- NOMBRE PERSONAL
Nombre personal Cavándoli, Margarita
830 #0 - ASIENTO SECUNDARIO DE SERIE--TÍTULO UNIFORME
Título uniforme Elige tu propia aventura
Volume number/sequential designation 35
942 ## - ADDED ENTRY ELEMENTS (KOHA)
Source of classification or shelving scheme Dewey Decimal Classification
Koha item type Libros
945 ## - INFORMACIÓN DE PROCESAMIENTO LOCAL
Información de procesamiento local Inventariado, 2018/LP
956 ## - LOCAL ELECTRONIC LOCATION AND ACCESS (OCLC)
Nombre de host VMATEO
Número de acceso 10
Información de compresión 20160729
Trayectoria BPMSU
Nombre Electrónico 0069
Existencias
Withdrawn status Lost status Source of classification or shelving scheme Damaged status Not for loan Collection code Home library Current library Date acquired Source of acquisition Total Checkouts Barcode Date last seen Price effective from Koha item type
    Dewey Decimal Classification     Colección General Biblioteca Pública Metropolitana Salomé Ureña Biblioteca Pública Metropolitana Salomé Ureña 07/29/2016 SELLAR   BPMSU16070680 07/29/2016 07/29/2016 Libros